| 000 | 01076cab a2200265 4500 | ||
|---|---|---|---|
| 001 | WB3510-47 | ||
| 008 | 090401t1999 xxu||||| |||| 00| 0 eng d | ||
| 035 | _a(Sirsi) u91958 | ||
| 041 | _aeng | ||
| 245 | _aLeasehold flats hit 70-year hitch | ||
| 260 | _c1999 | ||
| 350 | _a0 | ||
| 490 |
_aProperty Week _v64 (9) 5 March 1999, 23(1) |
||
| 520 | _aThe Leasehold Enfranchisement Association says that agents are refusing to sell flats with leases of less than 70 years. The association is calling for reorganisation of the Leasehold Valuation Tribunals so that those serving on them have enough time to understand the evidence of those seeking lease extension or enfranchisement, without need for professional representation. | ||
| 650 | _aLEASE EXTENSION | ||
| 650 | _aLEASEHOLD ENFRANCHISEMENT ASSOCIATION | ||
| 650 | _aLEASEHOLD FLATS | ||
| 650 | _aLEASEHOLD REFORM | ||
| 650 | _aLEASEHOLD VALUATION TRIBUNALS | ||
| 650 | _aLONG LEASES | ||
| 650 | _aMORTGAGEABILITY | ||
| 690 | _aLANDLORD AND TENANT-LEASEHOLD REFORM | ||
| 942 | _n0 | ||
| 948 | _c11/03/1999 | ||
| 999 |
_c58309 _d58309 |
||